000 00761nam a22002297a 4500
999 _c14680
_d14680
003 AR-CdUCM
008 190424b ||||| |||| 00| 0 spa d
020 _a978-607-16-3141-1
040 _aMUNICIPALIDAD PROVINCIAL DEL CUSCO
_cBIBLIOTECA MUNICIPAL DEL CUSCO
082 _aPI / 376.1 /
_bB24
100 _aBaranda, María
_933543
245 _aLa enorme nada /
260 _aMéxico :
_bFondo de Cultura Económica,
_c2015.
300 _bilustraciones,
_c16.5 cm.
650 _aLiteratura infantil
_9588
650 _aAprendizaje infantil
_933271
650 _aCuentos infantiles
_93927
700 _aGurrutxaga, Maite (ilustraciones)
_933544
710 _aFundación para las Letras Mexicanas.
_933545
942 _2ddc
_cLIBROS
945 _aachl
_d2019-04-24